[Event "46th Bosna Open 2016"]
[Site "Sarajevo BIH"]
[Date "2016.06.02"]
[Round "8.7"]
[White "Jovanovic, Zoran"]
[Black "Hadzovic, Amir"]
[Result "1/2-1/2"]
[WhiteTitle "GM"]
[WhiteElo "2531"]
[BlackElo "2218"]
[WhiteFideId "14505320"]
[BlackFideId "14402300"]
[EventDate "2016.05.28"]

1. e4 e5 2. Nf3 Nc6 3. Bb5 a6 4. Ba4 Nge7 5. Nc3 g6 6. d4 exd4 7. Nd5 Nxd5 8.
exd5 Qe7+ 9. Kf1 Ne5 10. Bf4 f6 11. Qxd4 Bg7 12. Re1 O-O 13. Nxe5 fxe5 14. Bxe5
d6 15. Bxg7 Qxg7 16. Qxg7+ Kxg7 17. Re7+ Rf7 18. Rxf7+ Kxf7 19. f3 b5 20. Bb3 a5
21. a4 Bd7 22. axb5 Bxb5+ 23. Kf2 a4 24. Ra1 Ra6 25. Ba2 Rb6 26. b4 axb3 27.
Bxb3 Ra6 28. Re1 Bd7 29. Re4 g5 30. Rc4 Ra7 31. Rb4 Bf5 32. h4 h6 33. g4 Bh7 34.
Kg3 Kf6 35. Rb8 Ra5 36. Rh8 Kg7 37. Rb8 Rc5 38. c4 Bd3 39. Rb4 Kf6 40. f4 gxf4+
41. Kxf4 Be2 42. Ra4 Kg6 43. g5 hxg5+ 44. hxg5 Bd3 45. Rb4 Bf1 46. Ba2 Bd3 47.
Ra4 Bf1 48. Bb3 Bd3 49. Ke3 Bf1 50. Kd4 Kxg5 51. Ra8 Kg6 52. Rf8 Bh3 53. Ba4 Kg7
54. Rf3 Bc8 55. Bb5 Bb7 56. Rb3 Bc8 57. Ra3 Kf6 58. Bc6 Bg4 59. Ra2 Kg5 60. Bb5
Kf4 61. Be8 Bf3 62. Bd7 Kg3 63. Bc6 Kf4 64. Rb2 Bg4 65. Rf2+ Kg3 66. Rf7 Be2 67.
Rxc7 Rxc4+ 68. Ke3 Bg4 69. Rg7 Rf4 70. Rg6 Rf3+ 71. Kd4 Rf4+ 72. Kc3 Rf3+ 73.
Kb4 Kf4 74. Rxd6 Ke5 75. Rd8 Rf2 76. d6 Be6 77. Kc5 Rb2 78. Ba4 Rb1 79. d7 Rc1+
80. Kb6 Kd6 81. Bb5 Rc7 82. Rh8 Rxd7 83. Bxd7 Kxd7 84. Kc5 Ke7 85. Rh6 Bf5 86.
Kd5 Kf7 87. Ke5 Kg7 88. Rf6 Bh7 89. Ke6 Bc2 90. Ke7 Kh8 91. Rf3 Bb1 92. Kf6 Bc2
93. Kf7 Bh7 94. Rg3 Bb1 95. Rg8+ Kh7 96. Rg1 Ba2+ 97. Kf6 Kh8 98. Kg6 Bb3 99.
Rg2 Bc4 100. Rd2 Bb3 101. Rh2+ Kg8 102. Rb2 Bf7+ 103. Kf6 Bc4 104. Rb4 Ba2 105.
Rg4+ Kh8 106. Kg6 Bb1+ 107. Kh6 Ba2 108. Rg7 Bb3 109. Rh7+ Kg8 110. Rb7 Bc2 111.
Rd7 Bb1 112. Rg7+ Kh8 113. Ra7 Kg8 114. Rb7 Bc2 115. Rg7+ Kh8 116. Rc7 Bb3 117.
Rc3 Ba2 118. Rc1 Bb3 119. Kg6 Ba2 120. Rc8+ Bg8 1/2-1/2

[Event "46th Bosna Open 2016"]
[Site "Sarajevo BIH"]
[Date "2016.06.02"]
[Round "8.8"]
[White "Kurajica, Bojan"]
[Black "Nestorovic, Dejan"]
[Result "1-0"]
[WhiteTitle "GM"]
[BlackTitle "IM"]
[WhiteElo "2527"]
[BlackElo "2387"]
[WhiteFideId "14400057"]
[BlackFideId "904279"]
[EventDate "2016.05.28"]

1. Nf3 Nf6 2. c4 e6 3. g3 d5 4. Bg2 dxc4 5. Qa4+ c6 6. Qxc4 b5 7. Qc2 Bb7 8. O-O
Nbd7 9. b3 c5 10. a4 b4 11. Bb2 Rc8 12. d3 Be7 13. Nbd2 O-O 14. e4 Nb8 15. Nc4
Nc6 16. Rfd1 Rc7 17. Rac1 Qa8 18. Nce5 Na5 19. Nd2 Rcc8 20. Ndc4 Nxc4 21. Nxc4
Nd7 22. Qe2 Qb8 23. f4 Ba6 24. Qg4 Nf6 25. Qh3 Bxc4 26. dxc4 Rfd8 27. e5 Nd7 28.
Be4 Nf8 29. Qg2 Rxd1+ 30. Rxd1 Rd8 31. Rf1 Qc7 32. f5 Bg5 33. Qf3 Qd7 34. h4 Bd2
35. fxe6 fxe6 36. Kh1 Bh6 37. Bc2 g6 38. Qe4 Bg7 39. Rf2 Qc7 40. Qf4 Rd7 41. Qe3
Rf7 42. Re2 Nd7 43. Kg2 Nf8 44. Bd3 Nd7 45. Qe4 Nf8 46. Qg4 Rd7 47. Bc2 Qc6+ 48.
Be4 Qc7 49. h5 gxh5 50. Qxh5 Qd8 51. Bc1 Rf7 52. Rd2 Rd7 53. Rf2 Rd4 54. Qf7+
Kh8 55. Bc2 Rd7 56. Qh5 Kg8 57. Be3 Qc7 58. Be4 Rd8 59. Qg5 Rd7 60. Qh5 a5 61.
Kh3 Bxe5 62. Qe8 Bg7 63. Qh5 Be5 64. Qe8 Bg7 65. Bg5 Qe5 66. Bc6 Rd3 67. Bh4
Rxb3 68. Qf7+ Kh8 69. Qe7 Kg8 70. Be8 Rd3 71. Rxf8+ 1-0

[Event "46th Bosna Open 2016"]
[Site "Sarajevo BIH"]
[Date "2016.06.02"]
[Round "8.9"]
[White "Mrndjic, Armin"]
[Black "Drasko, Milan"]
[Result "1/2-1/2"]
[BlackTitle "GM"]
[WhiteElo "2112"]
[BlackElo "2440"]
[WhiteFideId "14404214"]
[BlackFideId "900397"]
[EventDate "2016.05.28"]

1. e4 e6 2. d4 d5 3. Nc3 Bb4 4. e5 Ne7 5. a3 Bxc3+ 6. bxc3 c5 7. Qg4 O-O 8. h4
Qa5 9. Bd2 f5 10. Qd1 Nbc6 11. Nf3 cxd4 12. cxd4 Qa4 13. c3 Qxd1+ 14. Rxd1 Na5
15. Bd3 Bd7 16. Rb1 b6 17. Ke2 h6 18. g3 Nc4 19. Bc1 Rac8 20. Ne1 Kf7 21. f3 Ke8
22. Ng2 Bc6 23. Bxc4 dxc4 24. Nf4 Kd7 25. h5 Nd5 26. Nxd5 Bxd5 27. Bf4 Kc6 28.
Rb2 Rf7 29. Ke3 Rb8 30. Rhb1 Rfb7 31. Ke2 b5 32. Bd2 Rb6 33. Bc1 R8b7 34. Ke3
Rf7 35. Rh2 Ra6 36. Rb4 Rb7 37. Rb1 Ra4 38. Rb4 Ra6 39. Rb1 Rf7 40. Rh4 Rb6 41.
Bd2 Ra6 42. Bc1 1/2-1/2

[Event "46th Bosna Open 2016"]
[Site "Sarajevo BIH"]
[Date "2016.06.02"]
[Round "8.10"]
[White "Plenca, Jadranko"]
[Black "Lekic, Dusan"]
[Result "0-1"]
[WhiteTitle "FM"]
[BlackTitle "IM"]
[WhiteElo "2390"]
[BlackElo "2345"]
[WhiteFideId "14527146"]
[BlackFideId "905330"]
[EventDate "2016.05.28"]

1. e4 e5 2. Nf3 Nc6 3. Bc4 Bc5 4. d3 Nf6 5. O-O d6 6. c3 a6 7. Bb3 O-O 8. Nbd2
h6 9. Re1 Be6 10. Nc4 Re8 11. Be3 b5 12. Bxc5 bxc4 13. Ba4 Bd7 14. Be3 cxd3 15.
Qxd3 Nb4 16. Qd1 Bxa4 17. Qxa4 Nd3 18. Re2 d5 19. exd5 e4 20. Ne1 Nxd5 21. Qc2
c5 22. b3 Rc8 23. Rd1 c4 24. bxc4 Rxc4 25. Qb3 Rxc3 26. Qa4 Rc8 27. Bd4 N5f4 28.
Re3 Re6 29. Nxd3 exd3 30. Be5 Ne2+ 31. Kf1 Rxe5 32. Rdxd3 Qxd3 0-1

[Event "46th Bosna Open 2016"]
[Site "Sarajevo BIH"]
[Date "2016.06.02"]
[Round "8.11"]
[White "Mrndjic, Muamer"]
[Black "Nikcevic, Nebojsa"]
[Result "1-0"]
[BlackTitle "GM"]
[WhiteElo "2224"]
[BlackElo "2416"]
[WhiteFideId "14402114"]
[BlackFideId "901776"]
[EventDate "2016.05.28"]

1. d4 Nf6 2. Nf3 e6 3. c4 d5 4. cxd5 exd5 5. Bg5 Be7 6. Nc3 c6 7. Qc2 Na6 8. a3
Nc7 9. e3 Ne6 10. Bh4 O-O 11. Bd3 g6 12. O-O Ng7 13. b4 a6 14. Rab1 Nf5 15. Bg3
Nxg3 16. hxg3 Bd6 17. a4 Be6 18. b5 cxb5 19. axb5 a5 20. Na4 Rc8 21. Qb2 Qe7 22.
Qa1 Nd7 23. Rfc1 Ba3 24. Rc3 Bb4 25. Rcc1 Qd6 26. Rxc8 Rxc8 27. Rc1 Rc7 28. Nc3
Nb6 29. Ne2 f6 30. Rd1 a4 31. e4 dxe4 32. Bxe4 Bb3 33. Rc1 Kg7 34. Nf4 Rxc1+ 35.
Qxc1 a3 36. Kh2 a2 37. Nh4 Bf7 38. Nh5+ Kf8 39. Qh6+ Ke7 40. Qxh7 f5 41. Nf4
fxe4 42. Nhxg6+ Ke8 43. Qh8+ Kd7 44. Ne5+ Ke7 45. Qg7 Qf6 46. Neg6+ Qxg6 47.
Nxg6+ Ke8 48. Qh8+ Kd7 49. Ne5+ 1-0

[Event "46th Bosna Open 2016"]
[Site "Sarajevo BIH"]
[Date "2016.06.02"]
[Round "8.12"]
[White "Musovic, Armin"]
[Black "Grynszpan, Mariano"]
[Result "1/2-1/2"]
[BlackTitle "FM"]
[WhiteElo "2203"]
[BlackElo "2400"]
[WhiteFideId "939935"]
[BlackFideId "100277"]
[EventDate "2016.05.28"]

1. e4 e6 2. d4 d5 3. Nc3 Bb4 4. a3 Bxc3+ 5. bxc3 dxe4 6. Qg4 Nf6 7. Qxg7 Rg8 8.
Qh6 Nbd7 9. a4 c5 10. a5 Rg6 11. Qd2 Nd5 12. c4 Nb4 13. Bb2 Qg5 14. Ne2 Qxd2+
15. Kxd2 Nf6 16. dxc5 Ng4 17. Bd4 e5 18. h3 Rh6 19. Ng3 exd4 20. hxg4 Rxh1 21.
Nxh1 Bxg4 22. Ng3 f5 23. Rb1 Nc6 24. Rxb7 O-O-O 25. Rf7 Rd7 26. Nxf5 Rxf7 27.
Nd6+ Kd7 28. Nxf7 Bf5 29. c3 d3 30. f3 exf3 31. gxf3 Nxa5 32. Ne5+ Ke6 33. Nxd3
Nxc4+ 34. Kc1 Ne3 35. Be2 Kd5 36. f4 h6 37. Bf3+ Kc4 38. Ne5+ Kxc5 39. Nf7 Bg4
40. Be4 h5 41. Nh6 Nd5 42. f5 Nxc3 43. f6 Kd6 44. f7 Ke7 45. Bg6 Nd5 46. Kb2 Nf4
47. Bxh5 Bxh5 48. Nf5+ Kxf7 49. Nd4 Kf6 50. Ka3 Be8 51. Kb4 Nd3+ 52. Kc4 Ne5+
53. Kb4 Ke7 54. Ka5 Kd6 55. Ka6 Kd5 56. Nb3 Kc4 57. Nd2+ Kb4 58. Kxa7 Bc6 59.
Kb6 Kc3 60. Kc5 Bg2 61. Nb1+ Kb2 62. Nd2 Kc3 63. Nb1+ 1/2-1/2

[Event "46th Bosna Open 2016"]
[Site "Sarajevo BIH"]
[Date "2016.06.03"]
[Round "9.2"]
[White "Kadric, Denis"]
[Black "Nikolic, Predrag"]
[Result "1-0"]
[WhiteTitle "GM"]
[BlackTitle "GM"]
[WhiteElo "2554"]
[BlackElo "2617"]
[WhiteFideId "14403803"]
[BlackFideId "14400014"]
[EventDate "2016.05.28"]

1. e4 e6 2. d4 d5 3. Nd2 Be7 4. e5 c5 5. c3 Nc6 6. Bd3 Bd7 7. Ne2 cxd4 8. cxd4
Nb4 9. Bb1 Bb5 10. O-O Rc8 11. a3 Nc6 12. Nf3 g5 13. Be3 Nh6 14. Re1 Nf5 15. Nc3
Ba6 16. Bxf5 exf5 17. e6 f4 18. exf7+ Kxf7 19. Bd2 Kg7 20. Ne5 Bf6 21. Bxf4 gxf4
22. Qg4+ Bg5 23. Nf3 h5 24. Qxg5+ Qxg5 25. Nxg5 Nxd4 26. h4 f3 27. Re7+ Kg6 28.
Nxd5 fxg2 29. Nf4+ Kf5 30. Rf7+ Kg4 31. Ng6 Nf5 32. f3+ Kg3 33. Rxf5 Bd3 34.
Ne4+ 1-0

[Event "46th Bosna Open 2016"]
[Site "Sarajevo BIH"]
[Date "2016.06.03"]
[Round "9.3"]
[White "Yilmaz, Mustafa"]
[Black "Kosic, Dragan"]
[Result "1/2-1/2"]
[WhiteTitle "GM"]
[BlackTitle "GM"]
[WhiteElo "2603"]
[BlackElo "2507"]
[WhiteFideId "6302718"]
[BlackFideId "900290"]
[EventDate "2016.05.28"]

1. c4 c5 2. Nf3 Nf6 3. Nc3 e6 4. g3 d5 5. cxd5 exd5 6. d4 Nc6 7. Bg2 Be7 8. O-O
O-O 9. dxc5 Bxc5 10. a3 a6 11. b4 Be7 12. Bb2 Bg4 13. Nd4 Qd7 14. Na4 Nxd4 15.
Bxd4 Qe6 16. Ra2 Rad8 17. Nc5 Bxc5 18. bxc5 Rfe8 19. Qa1 Re7 20. Rb1 Ne8 21. Rb6
Qc8 22. e3 Be6 23. Rab2 Rc7 24. R2b3 Rdd7 25. Qb2 Re7 26. Bf1 h6 27. f3 Bf5 28.
Kf2 h5 29. Be2 Bg6 30. Kg2 Bf5 31. Kg1 Bg6 32. Rc3 Qd7 33. Qb4 Re6 34. Rb3 Re7
35. Qc3 Qc8 36. R3b4 Bf5 37. c6 Rxc6 38. Rxc6 bxc6 39. Qc5 Re6 40. a4 Bh3 41.
Rb6 Nc7 42. Rxc6 Rxc6 43. Qxc6 Bd7 44. Qc3 Ne6 45. Qxc8+ Bxc8 46. Bb6 f5 47. Kf2
g6 48. Ke1 Nf8 49. Ba7 Nd7 50. f4 Nf6 51. Kd2 Ne4+ 52. Kc2 Bd7 53. Kb3 Bxa4+ 54.
Kb4 Bb5 55. Bf3 Kf7 56. Bd4 Ke6 57. Bg2 Nf2 58. Bf3 Bc4 59. Bb6 Ne4 60. Bd4 Nd2
61. Bg2 Kd6 62. Kc3 Ne4+ 63. Kb4 Kc6 64. Be5 Nc5 65. Bd4 Nb7 66. Bf3 a5+ 67. Kc3
Nd6 68. Bg7 Nb5+ 69. Kb2 a4 70. Bf8 Bb3 71. Be2 Nc7 72. Kc3 Ne6 73. Ba3 Kb6 74.
Be7 Kc6 75. Ba3 Kb6 1/2-1/2

[Event "46th Bosna Open 2016"]
[Site "Sarajevo BIH"]
[Date "2016.06.03"]
[Round "9.4"]
[White "Brkic, Ante"]
[Black "Kurajica, Bojan"]
[Result "1-0"]
[WhiteTitle "GM"]
[BlackTitle "GM"]
[WhiteElo "2584"]
[BlackElo "2527"]
[WhiteFideId "14506688"]
[BlackFideId "14400057"]
[EventDate "2016.05.28"]

1. e4 c5 2. Nf3 Nc6 3. d4 cxd4 4. Nxd4 Qb6 5. Nb3 Nf6 6. Nc3 e6 7. Qe2 d6 8. g4
a6 9. g5 Nd7 10. Be3 Qc7 11. O-O-O b5 12. f4 Be7 13. h4 Bb7 14. f5 b4 15. Na4
Nce5 16. fxe6 fxe6 17. Nd4 Qa5 18. b3 Nc5 19. Nxc5 dxc5 20. Nxe6 Qxa2 21. Nc7+
Kf8 22. Qf2+ Kg8 23. Bh3 Qa1+ 24. Kd2 Qc3+ 25. Ke2 g6 26. Rhf1 Kg7 27. Qf6+ Bxf6
28. gxf6+ Kg8 29. Be6+ 1-0

[Event "46th Bosna Open 2016"]
[Site "Sarajevo BIH"]
[Date "2016.06.03"]
[Round "9.5"]
[White "Lekic, Dusan"]
[Black "Bosiocic, Marin"]
[Result "0-1"]
[WhiteTitle "IM"]
[BlackTitle "GM"]
[WhiteElo "2345"]
[BlackElo "2567"]
[WhiteFideId "905330"]
[BlackFideId "14507927"]
[EventDate "2016.05.28"]

1. d4 Nf6 2. c4 g6 3. Nc3 Bg7 4. e4 d6 5. Nf3 O-O 6. Be2 e5 7. O-O Nc6 8. d5 Ne7
9. Ne1 Nd7 10. Be3 f5 11. f3 f4 12. Bf2 g5 13. Rc1 Nf6 14. c5 a6 15. Qb3 Ng6 16.
cxd6 cxd6 17. Na4 Nd7 18. Nb6 Nxb6 19. Bxb6 Qf6 20. Nd3 h5 21. Nf2 Nh4 22. h3
Qg6 23. Rc3 Bd7 24. Qb4 Rf6 25. Rc7 Rf7 26. Rfc1 Raf8 27. R1c3 g4 28. fxg4 f3
29. Rxf3 Nxf3+ 30. Bxf3 hxg4 31. Nxg4 Bxg4 32. Bxg4 Rf1+ 33. Kh2 Qh6 34. Rc2 Ra1
35. Qd2 Qxd2 36. Rxd2 Bh6 37. Rc2 Rff1 38. Rc8+ Kg7 39. Rc7+ Rf7 40. a3 Rc1 41.
Rxc1 Bxc1 42. Be6 Rf4 43. Bc7 Rxe4 44. Bxd6 Bxb2 45. Bc8 Re3 46. Bxb7 Bxa3 47.
Bc7 Kf6 48. Bxa6 Ke7 49. g4 Bd6 50. Bxd6+ Kxd6 51. Bb7 Rf3 52. Kg2 e4 53. g5 Rf7
54. Ba6 Kxd5 55. h4 Ke5 56. g6 Rf6 57. g7 Rg6+ 58. Kf2 Rxg7 59. h5 Kf4 60. Bb5
Rg5 61. Be8 Rg4 62. Bg6 Rh4 63. Kg2 e3 64. Bd3 Rxh5 65. Kf1 Rh2 66. Ba6 Ke5 67.
Ke1 Kd4 68. Bc8 Ra2 69. Bf5 Rg2 70. Bd7 Rg6 71. Ke2 Ke4 72. Be8 Re6 73. Bf7 Rf6
74. Be8 Rf2+ 75. Ke1 Rb2 76. Bf7 Kf3 77. Bd5+ Kf4 78. Bf7 Rd2 79. Be8 Rd6 80.
Ke2 Ke4 81. Bf7 Rd2+ 82. Ke1 Kf3 83. Bh5+ Kg3 84. Be2 Rd6 85. Bh5 Rh6 86. Bf7
Rh2 87. Bc4 Kf3 88. Bd5+ Kf4 89. Bc6 Kg3 90. Be8 Rb2 91. Bh5 Rb5 92. Be8 Re5 93.
Bc6 e2 94. Bb7 Kf4 95. Ba6 Ke3 96. Bxe2 Ra5 0-1

[Event "46th Bosna Open 2016"]
[Site "Sarajevo BIH"]
[Date "2016.06.03"]
[Round "9.6"]
[White "Martinovic, Sasa"]
[Black "Drazic, Sinisa"]
[Result "1-0"]
[WhiteTitle "GM"]
[BlackTitle "GM"]
[WhiteElo "2529"]
[BlackElo "2422"]
[WhiteFideId "14509792"]
[BlackFideId "901172"]
[EventDate "2016.05.28"]

1. d4 e6 2. c4 d5 3. Nc3 a6 4. cxd5 exd5 5. Qb3 c6 6. e4 dxe4 7. Bc4 Qc7 8. a4
Nf6 9. Bg5 Bf5 10. Nge2 Bd6 11. Ng3 Bxg3 12. fxg3 Bg6 13. O-O O-O 14. Bxf6 gxf6
15. Rxf6 Nd7 16. Rf4 Rae8 17. Raf1 Re7 18. h4 b5 19. axb5 axb5 20. Be2 h6 21.
Kh2 Qb6 22. d5 Nc5 23. Qb4 Re5 24. Rf6 Rc8 25. Bg4 Rc7 26. Na4 Nxa4 27. Rxg6+
fxg6 28. Qf8+ Kh7 29. Be6 Rxe6 30. dxe6 Qc5 31. Rf7+ Rxf7 32. Qxf7+ 1-0

[Event "46th Bosna Open 2016"]
[Site "Sarajevo BIH"]
[Date "2016.06.03"]
[Round "9.7"]
[White "Jovanovic, Zoran"]
[Black "Mrndjic, Armin"]
[Result "1/2-1/2"]
[WhiteTitle "GM"]
[WhiteElo "2531"]
[BlackElo "2112"]
[WhiteFideId "14505320"]
[BlackFideId "14404214"]
[EventDate "2016.05.28"]

1. e4 e5 2. Nf3 Nc6 3. Bc4 Bc5 4. c3 Nf6 5. d3 O-O 6. O-O d6 7. Bb3 a6 8. Nbd2
Ba7 9. Re1 Be6 10. Nf1 Re8 11. Ng3 h6 12. h3 Qd7 13. Nh2 Bxb3 14. axb3 Ne7 15.
Qf3 Qe6 16. b4 c6 17. Ng4 Nxg4 18. hxg4 f6 19. Nf5 Nxf5 20. gxf5 Qf7 21. g3 Rad8
22. Kg2 Kf8 23. Rh1 Ke7 24. Rh4 Rd7 25. Rg4 Kd8 26. Be3 Bxe3 27. Qxe3 Ke7 28.
Rg6 Kf8 29. Rh1 Ke7 30. Rh4 Kd8 31. Qb6+ Ke7 32. c4 Red8 33. Rhg4 Ke8 34. Qe3
Qf8 35. d4 Rf7 36. d5 cxd5 37. exd5 Qe7 38. Re4 Kf8 39. Rh4 Qd7 40. Qf3 Rc8 41.
b3 Rd8 42. Qh5 Rc8 43. Rgg4 b5 44. Qg6 Ke7 45. Qxg7 bxc4 46. bxc4 Rxc4 47. Qg6
Rc2 48. Rxh6 Qb5 49. Qxf7+ 1/2-1/2

[Event "46th Bosna Open 2016"]
[Site "Sarajevo BIH"]
[Date "2016.06.03"]
[Round "9.8"]
[White "Hadzovic, Amir"]
[Black "Savic, Miodrag R"]
[Result "0-1"]
[BlackTitle "GM"]
[WhiteElo "2218"]
[BlackElo "2522"]
[WhiteFideId "14402300"]
[BlackFideId "920479"]
[EventDate "2016.05.28"]

1. Nf3 Nf6 2. g3 d5 3. Bg2 g6 4. d3 Bg7 5. c3 O-O 6. Qa4 h6 7. O-O c6 8. e4 Nbd7
9. e5 Nh7 10. d4 Nb6 11. Qd1 Be6 12. h3 g5 13. Qe2 Qd7 14. Kh2 f5 15. Ne1 Bf7
16. Nd3 e6 17. b3 Kh8 18. a4 Qe8 19. Ba3 Rg8 20. Nd2 Nd7 21. f4 Bh5 22. Bf3 Bxf3
23. Nxf3 Bf8 24. Bxf8 Ndxf8 25. Nfe1 Rg7 26. Ng2 Qg6 27. Qf2 Nd7 28. Rfe1 Rag8
29. Re3 Qe8 30. Qe2 Qe7 31. a5 c5 32. b4 cxd4 33. cxd4 Rc8 34. Nc5 Ndf8 35. Qb5
Ng6 36. Rf1 gxf4 37. Nxf4 Nxf4 38. Rxf4 Ng5 39. Rc3 Rcg8 40. h4 Nh7 41. a6 b6
42. Nb7 Nf8 43. h5 Rg5 44. Qe2 Qxb4 45. Rc7 R5g7 46. Rxg7 Rxg7 47. Nd6 Qc3 48.
g4 Qc1 49. Qf2 Rc7 50. Qg3 Rc2+ 51. Rf2 f4 52. Qh4 Rxf2+ 53. Qxf2 Nh7 54. Ne8
Ng5 55. Nf6 Qe3 56. Qxe3 fxe3 57. Kg3 b5 58. Nd7 b4 59. Nc5 Kg8 60. Kg2 Kf7 61.
Kf1 Ne4 62. Ke2 Nxc5 63. dxc5 b3 64. c6 Ke7 0-1

[Event "46th Bosna Open 2016"]
[Site "Sarajevo BIH"]
[Date "2016.06.03"]
[Round "9.9"]
[White "Drasko, Milan"]
[Black "Kvisvik, Brede"]
[Result "1-0"]
[WhiteTitle "GM"]
[BlackTitle "FM"]
[WhiteElo "2440"]
[BlackElo "2287"]
[WhiteFideId "900397"]
[BlackFideId "1502999"]
[EventDate "2016.05.28"]

1. Nf3 d5 2. g3 g6 3. d4 Bg7 4. Bg2 Nf6 5. O-O O-O 6. c4 c6 7. b3 a5 8. Nc3 Ne4
9. Bb2 Nxc3 10. Bxc3 Bf5 11. e3 Qc8 12. Rc1 dxc4 13. bxc4 Be4 14. Qd2 h6 15.
Rfd1 b6 16. d5 Bxc3 17. Rxc3 c5 18. Ne5 Bxg2 19. Kxg2 Qf5 20. f4 Qe4+ 21. Kg1
Kg7 22. Qb2 f6 23. Ng4 Na6 24. Nf2 Qf5 25. Rb3 a4 26. e4 Qd7 27. Rxb6 Rfb8 28.
a3 Qc8 29. d6 Qd8 30. Rb7 Kf8 31. e5 fxe5 32. fxe5 Ra7 33. dxe7+ 1-0

[Event "46th Bosna Open 2016"]
[Site "Sarajevo BIH"]
[Date "2016.06.03"]
[Round "9.10"]
[White "Hodzic, Nihad"]
[Black "Vea, Odin Blikra"]
[Result "1-0"]
[WhiteElo "2215"]
[BlackElo "2288"]
[WhiteFideId "14402041"]
[BlackFideId "1503685"]
[EventDate "2016.05.28"]

1. d4 c5 2. d5 Nf6 3. c4 e6 4. Nc3 d6 5. e4 exd5 6. cxd5 g6 7. h3 Bg7 8. Nf3 O-O
9. Bd3 a6 10. a4 Re8 11. O-O c4 12. Bc2 Nbd7 13. Bf4 Nc5 14. Re1 Qb6 15. a5 Qxb2
16. Bd2 Nd3 17. Na4 Qxa1 18. Qxa1 Nxd5 19. Qa3 Nxe1 20. Bxe1 Nc7 21. Nb6 Be6 22.
Nxa8 Nb5 23. Qb4 Rxa8 24. Ba4 Rc8 25. Bxb5 axb5 26. Qxb5 c3 27. Qxb7 c2 28. Bd2
Bc3 29. Bc1 Bxa5 30. Nd4 Rc5 31. Kh2 Bc8 32. Qe7 Kg7 33. Nb3 Rc7 34. Bb2+ 1-0

[Event "46th Bosna Open 2016"]
[Site "Sarajevo BIH"]
[Date "2016.06.03"]
[Round "9.11"]
[White "Djukic, Nikola"]
[Black "Mrndjic, Muamer"]
[Result "1-0"]
[WhiteTitle "GM"]
[WhiteElo "2546"]
[BlackElo "2224"]
[WhiteFideId "922412"]
[BlackFideId "14402114"]
[EventDate "2016.05.28"]

1. e4 c5 2. Nf3 d6 3. d4 cxd4 4. Nxd4 Nf6 5. Nc3 a6 6. h3 e6 7. g4 h6 8. Bg2 Be7
9. Be3 Qc7 10. Qe2 Nc6 11. O-O-O Bd7 12. f4 Qa5 13. Qf2 Qc7 14. Rhf1 g6 15. e5
dxe5 16. Nxc6 bxc6 17. fxe5 Rb8 18. exf6 Bd6 19. Rxd6 Qxd6 20. Bf4 Qb4 21. Bxb8
Qxb8 22. Qc5 1-0

[Event "46th Bosna Open 2016"]
[Site "Sarajevo BIH"]
[Date "2016.06.03"]
[Round "9.12"]
[White "Grynszpan, Mariano"]
[Black "Tica, Sven"]
[Result "0-1"]
[WhiteTitle "FM"]
[BlackTitle "FM"]
[WhiteElo "2400"]
[BlackElo "2188"]
[WhiteFideId "100277"]
[BlackFideId "14526948"]
[EventDate "2016.05.28"]

1. d4 d5 2. Nf3 e6 3. c4 c5 4. cxd5 exd5 5. Nc3 Nc6 6. g3 Nf6 7. Bg2 Be7 8. O-O
O-O 9. Be3 c4 10. Ne5 Qa5 11. Bg5 Be6 12. Nxc6 bxc6 13. e4 h6 14. Bd2 Qb6 15. e5
Nd7 16. Bc1 f6 17. Na4 Qa6 18. f4 fxe5 19. dxe5 Nc5 20. Nxc5 Bxc5+ 21. Kh1 Bf5
22. Bxd5+ cxd5 23. Qxd5+ Kh8 24. Qxc5 Bh3 25. Rf2 Rfd8 26. Be3 Qb7+ 27. Kg1 Qe4
28. Re1 Rd3 29. Bd2 Rxd2 0-1